Welcome to CU Library Online Public Access Catalogue (OPAC)

Lean six sigma for supply chain management : (Record no. 9121)

MARC details
000 -LEADER
fixed length control field 01026cam a2200253 a 4500
001 - CONTROL NUMBER
control field 14567377
005 - DATE AND TIME OF LATEST TRANSACTION
control field 20260318191932.0
008 - FIXED-LENGTH DATA ELEMENTS--GENERAL INFORMATION
fixed length control field 060925s2007 nyua 001 0 eng
020 ## - INTERNATIONAL STANDARD BOOK NUMBER
International Standard Book Number 0071479422
Qualifying information alk. paper
020 ## - INTERNATIONAL STANDARD BOOK NUMBER
International Standard Book Number 9780071479424
050 00 - LIBRARY OF CONGRESS CALL NUMBER
Classification number HD38.5
Item number .M374 2007
082 00 - DEWEY DECIMAL CLASSIFICATION NUMBER
Classification number 658.7
Edition information 22
100 1# - MAIN ENTRY--PERSONAL NAME
Personal name Martin, James W.
Fuller form of name (James William),
Dates associated with a name 1952-
245 10 - TITLE STATEMENT
Title Lean six sigma for supply chain management :
Remainder of title the 10-step solution process /
Statement of responsibility, etc. James W. Martin.
260 ## - PUBLICATION, DISTRIBUTION, ETC.
Place of publication, distribution, etc. New York :
Name of publisher, distributor, etc. McGraw-Hill,
Date of publication, distribution, etc. c2007.
300 ## - PHYSICAL DESCRIPTION
Extent xviii, 411 p. :
Other physical details ill. ;
Dimensions 24 cm.
500 ## - GENERAL NOTE
General note Includes index.
650 #0 - SUBJECT ADDED ENTRY--TOPICAL TERM
Topical term or geographic name entry element Business logistics.
650 #0 - SUBJECT ADDED ENTRY--TOPICAL TERM
Topical term or geographic name entry element Six sigma (Quality control standard)
856 42 - ELECTRONIC LOCATION AND ACCESS
Materials specified Contributor biographical information
Uniform Resource Identifier <a href="http://www.loc.gov/catdir/enhancements/fy0669/2006031473-b.html">http://www.loc.gov/catdir/enhancements/fy0669/2006031473-b.html</a>
856 42 - ELECTRONIC LOCATION AND ACCESS
Materials specified Publisher description
Uniform Resource Identifier <a href="http://www.loc.gov/catdir/enhancements/fy0669/2006031473-d.html">http://www.loc.gov/catdir/enhancements/fy0669/2006031473-d.html</a>
856 41 - ELECTRONIC LOCATION AND ACCESS
Materials specified Table of contents only
Uniform Resource Identifier <a href="http://www.loc.gov/catdir/enhancements/fy0669/2006031473-t.html">http://www.loc.gov/catdir/enhancements/fy0669/2006031473-t.html</a>
942 ## - ADDED ENTRY ELEMENTS (KOHA)
Source of classification or shelving scheme Library of Congress Classification
Koha item type Books
Suppress in OPAC No
999 ## -
-- 9121
-- 9121
Holdings
Withdrawn status Lost status Source of classification or shelving scheme Damaged status Not for loan Collection Home library Current library Shelving location Date acquired Total checkouts Full call number Barcode Date last seen Copy number Price effective from Koha item type
    Library of Congress Classification     Non-fiction Business Library (Miotso) Business Library (Miotso) General stacks 03/18/2026   HD38.5 .M374 2007 BSSM00002910 03/18/2026 1 03/18/2026 Books
© 2023-2024 Copyright: Central University Libraries. All Rights Reserved | Created by: Mahone Tech Office